00970naa#a2200181#i#4500001002300000005001700023011001400040100004100054102000700095200030900102210016900411215001100580608004500591675003200636700005400668700005200722856001400774RU\INFRA-M\bibl\10462720260517233652.7##a2500-0543##a20251031b2025####ek#y0rusy0150####ca##aRU1#aАвторская программа профессионально-личностного развития сотрудников-выпускников образовательных организаций МВД России: результаты апробацииeЖурнальная статья1#aМоскваcОбщество с ограниченной ответственностью «Научно-издательский центр ИНФРА-М»d2025##a12 с.##aЖурнальная статья2local##aПсихология. 159.9#1aФедотовgСергей Николаевич#1aВаськинаgЮлия Дмитриевна4#azh-szf.ru